Altitude-sudden death #2 - Statistics

General Stats
  • This quiz has been taken 30 times
    24 since last reset
  • The average score is 2 of 15
Answers on the Grid
Answers color-coded by a green-red scale on the quiz's grid according to % correct below.
North Korea
Kosovo
Lebanon
Laos
Lesotho
Malawi
Madagascar
Malaysia
Montenegro
Morocco
Myanmar
Albania
Algeria
Andorra
Chad
Brazil
Bulgaria
Dominican Republic
Equatoreal guinea
Eritrea
Germany
Greece
Denmark (greenland)
Honduras
Iraq
Japan
North Korea
Kosovo
Oman
Panama
 
Answer Stats
Answer % Correct
Denmark (greenland)
50%
Japan
43%
Myanmar
21%
Chad
14%
Iraq
14%
Morocco
14%
Dominican Republic
7%
Equatoreal guinea
7%
Eritrea
7%
Lesotho
7%
Malaysia
7%
Oman
7%
Lebanon
0%
Malawi
0%
Panama
0%
No matching quizzes found
Score Distribution
Percent of People with Each Score
Percentile by Number Answered
Your Score History
You have not taken this quiz since the last reset